Gnatowski, Michał, 1934-. "Sa̜siedzi" w sowieckim raju. - Łomża : Łomżyńskie Tow. Nauk. im. Wagów. - 2002 [Rezension]
| Titel: | Gnatowski, Michał, 1934-. "Sa̜siedzi" w sowieckim raju. - Łomża : Łomżyńskie Tow. Nauk. im. Wagów. - 2002 [Rezension] |
|---|---|
| Verfasser: | |
| In: |
Studia Łomżyńskie, Band 14 (2003), Seite 299-300 alle Artikel anzeigen |
| Veröffentlicht: | 2003 |
| Format: | Aufsatz |
| Sprache: | Polnisch |
X
alg: 39511054 001A $01999:12-11-16 001B $01999:04-08-21 $t21:05:08.000 001D $01999:12-11-16 001U $0utf8 001X $00 002@ $0Aox 003@ $0395110548 007A $0395110548 $aHEB 007T $0Herda25304h 010@ $apol 011@ $a2003 021A $aGnatowski, Michał, 1934-. "Sa̜siedzi" w sowieckim raju. - Łomża : Łomżyńskie Tow. Nauk. im. Wagów. - 2002 [Rezension] 028A $aGwardiak $dJanusz 031A $d14 $h299-300 $j2003 039B $aIn $8--Abvc--. Studia Łomżyńskie. - Łomża : LTN, 1989-. - ISSN 0860-7249 $x200300000140000701 $922006993X 039T $8--Aau--Gnatowski, Michał$Z1934- [Tp1]. "Sa̜siedzi" w sowieckim raju. - Łomża : Łomżyńskie Tow. Nauk. im. Wagów, 2002. - 302 S.. - ISBN 83-86175-61-3 $9121911640 045F $a900.9438 $eDDC23BSB 045F/01 $a900 045F/03 $g438 lok: 39511054 78 exp: 39511054 78 1 #EPN 201B/01 $018-11-16 $t13:46:43.000 201U/01 $0utf8 203@/01 $079140918X 208@/01 $a12-11-16 $be 209A/01 $a/ $f000 $x00 220C/01 $aHerkunft: IH PAN/PBB Kraków 244Z/01 $2Trx $#Poola $#Lenkija $#Polija $#Polen Land $#Poland $#Lengyelország $#Poľsko $#Polsko $8--Trx--Polska$gkraj $x01 $9391345966 244Z/01 $2Trx $#arvustused $#recenzijos $#Reviews $#recenziók $#recenzje $#recenzie $#recenze $8--Trx--Rezensionen $x02 $9391357441 247C/01 $82080>Marburg/Lahn, Herder-Institut, Forschungsbibliothek, Bibliographieportal $9336309341
| LEADER | 00000caa a22000002c 4500 | ||
|---|---|---|---|
| 001 | 395110548 | ||
| 003 | DE-603 | ||
| 005 | 20210804210508.0 | ||
| 007 | tu | ||
| 008 | 161112s2003 xx |||| | u00||u|pol c | ||
| 035 | |a (DE-599)HEB395110548 | ||
| 040 | |a DE-603 |b ger |c DE-603 |d DE-603 | ||
| 041 | |a pol | ||
| 082 | 0 | 4 | |8 1\u |a 900.9438 |q DE-101 |2 23/BSB |
| 085 | |8 1\u |b 900 | ||
| 085 | |8 1\u |z 2 |s 438 | ||
| 100 | 1 | |a Gwardiak, Janusz | |
| 245 | 0 | 0 | |a Gnatowski, Michał, 1934-. "Sa̜siedzi" w sowieckim raju. - Łomża : Łomżyńskie Tow. Nauk. im. Wagów. - 2002 [Rezension] |
| 264 | 0 | |c 2003 | |
| 773 | 0 | 8 | |i In |t Studia Łomżyńskie |d Łomża : LTN, 1989- |x 0860-7249 |g Band 14 (2003), Seite 299-300 |w (DE-603)22006993X |w (DE-600)2535583-1 |
| 787 | 0 | 8 | |i Rezension von |a Gnatowski, Michał, 1934- |t "Sa̜siedzi" w sowieckim raju |d Łomża : Łomżyńskie Tow. Nauk. im. Wagów, 2002 |h 302 S. |z 8386175613 |w (DE-603)121911640 |
| 924 | 0 | |9 2080 |a (DE-603)79140918X |b DE-2080 |c HES |d d |g / | |


